| 000 | 01069cac a22002651u 4500 | ||
|---|---|---|---|
| 090 | _c4609 | ||
| 008 | 081119t 1996xxu||||| |||| 00| 0 eng d | ||
| 010 | _a 95042833 | ||
| 020 | _a0471107018(cloth : alk. paper) | ||
| 082 | 0 | 0 |
_a650.01513 _bMIZ |
| 100 | _aMizrahi, Abe. | ||
| 245 | 1 | 0 |
_aMathematics : _ban applied approach / _cAbe Mizrahi, Michael Sullivan. |
| 250 | _a6th ed. | ||
| 260 |
_aNew York : _bJohn Wiley & Sons, _c1996. |
||
| 300 |
_axix, 906, [153] p. : _bill. ; _c24 cm. |
||
| 500 | _aRev. ed. of: Mathematics for business, life sciences, and social sciences. 5th ed. c1993. | ||
| 504 | _aIncludes bibliographical references and index. | ||
| 650 | 0 | _aBusiness mathematics. | |
| 650 | 0 |
_aBusiness mathematics _xProblems, exercises, etc. |
|
| 650 | 0 |
_aSocial sciences _xMathematics. |
|
| 700 | 1 |
_aSullivan, Michael, _d1942- |
|
| 700 | 1 | _aMizrahi, Abe. | |
| 942 |
_cBB _k650.01513MIZ _2ddc |
||
| 999 |
_c4609 _d4609 |
||